|
|
|
|
| LEADER |
01084ncm a22002772a 4500 |
| 001 |
001095453 |
| 003 |
CZ BrMZK |
| 005 |
20110414143605.0 |
| 007 |
qu |
| 008 |
960101s1966 xr f zxx d |
| 040 |
|
|
|a BOA001
|b cze
|
| 072 |
|
7 |
|a 785
|x Instrumentální hudba. Symfonická hudba. Hudba pro více nástrojů
|2 Konspekt
|9 9
|
| 100 |
1 |
|
|a Dřevíkovský, Jaroslav
|7 jx20050314007
|4 cmp
|
| 245 |
1 |
0 |
|a Na trhu
|h [hudebnina] :
|b orchestrální skladba /
|c Jaroslav Dřevikovský. Nedělní rytmus : sólo pro 1 - 2 tenorsax. + orch. / arr. Vladimír Válek a Zdeněk Krotil
|
| 250 |
|
|
|a 1. vyd.
|
| 260 |
|
|
|a Praha :
|b Státní hudební vydavatelství,
|c 1966
|
| 300 |
|
|
|a 15 hlasů
|
| 490 |
1 |
|
|a Taneční orchestr ;
|v 1
|
| 700 |
1 |
|
|a Válek, Vladimír,
|d 1935-2025
|7 jn19981002376
|4 arr
|
| 700 |
1 |
|
|a Krotil, Zdeněk,
|d 1926-1984
|7 jk01063455
|4 arr
|
| 740 |
0 |
2 |
|a Nedělní rytmus
|
| 830 |
|
0 |
|a Taneční orchestr
|
| 910 |
|
|
|a BOA001
|b Mus3-0552.742
|
| 990 |
|
|
|a MU
|
| 991 |
|
|
|b 201005
|
| 996 |
6 |
|
|b 2619452690
|c Mus3-0552.742
|l MZK
|r Sklad / do 1 hodiny
|n 0
|w 001121276
|u 000010
|a 1
|e BOA001
|j MZK50
|s P
|